Latent class analysis
Αποθηκεύτηκε σε:
| Κύριος συγγραφέας: | |
|---|---|
| Μορφή: | Βιβλίο |
| Γλώσσα: | English |
| Δημοσίευση: |
Newbury Park :
Sage Publications,
c1987
|
| Σειρά: | Sage university papers series. Quantitative applications in the social sciences ;
; 64 |
| Θέματα: | |
| Ετικέτες: |
Προσθήκη ετικέτας
Δεν υπάρχουν, Καταχωρήστε ετικέτα πρώτοι!
|
MARC
| LEADER | 00000nam a2200000 i 4500 | ||
|---|---|---|---|
| 001 | 1/17925 | ||
| 008 | 981014s1987 eng d | ||
| 020 | |a 0-8039-2752-5 | ||
| 035 | |l 10020730 | ||
| 040 | |a GR-MY-UA |b gre |e aacr | ||
| 041 | 0 | |a eng | |
| 082 | 0 | |a 519.535 | |
| 100 | 1 | |a McCutcheon, Allan L. |d 1950- | |
| 245 | 1 | 0 | |a Latent class analysis / |c Allan L. McCutcheon |
| 260 | |a Newbury Park : |b Sage Publications, |c c1987 | ||
| 300 | |a 96 p. | ||
| 490 | 1 | |a Sage university papers series. Quantitative applications in the social sciences |v ; 64 | |
| 504 | |a Bibliography: p. 93-96 | ||
| 650 | 0 | 0 | |a Latent structure analysis. |
| 650 | 0 | 0 | |a Latent variables. |
| 830 | 0 | |a Sage university papers series. Quantitative applications in the social sciences ; |v ; 64 | |
| 852 | |a INST |b LESVOS |e 19981014 |h 519.535 MCC |p 005100018440 |q 005100018440 |t BK |y 0 | ||
| 901 | |a BIBL-1999-1 | ||
| 909 | |a Λ |b 059643 | ||
| 922 | |a 1ΕΛΗ |b 199809 |c ΚΠΣ/ΤΓ |d ΠΑΠΑΣΩΤΗΡΙΟΥ | ||
| 950 | |a 118-1998-07-23 | ||